Malaysia Regions by Picture - Statistics

General Stats
  • This quiz has been taken 27 times
  • The average score is 8 of 16
Answer Stats
Picture Answer % Correct
Kuala Lumpur
100%
Malacca
76%
Johor
57%
Putrajaya
57%
Penang
52%
Kelantan
48%
Perak
48%
Sarawak
48%
Kedah
43%
Labuan
43%
Pahang
43%
Sabah
38%
Selangor
38%
Terengganu
38%
Perlis
29%
Negari Sembilan
0%
No matching quizzes found
Score Distribution
Percent of People with Each Score
Percentile by Number Answered
Your Score History
You have not taken this quiz